000
00229nam a2200097Ia 4500
008
220204s9999 xx 000 0 und d
082
_a
058
_b
RHE
100
_a
Van Draakentey, H V
245
0
_a
Hortus Malabaricus. 12 V
942
_c
BK
999
_c
37798
_d
37798